000 01286nam a2200337 a 4500
001 ebr10683270
003 CaPaEBR
006 m u
007 cr cn|||||||||
008 130423s2013 njuad sb 001 0 eng d
020 _z9780470873663
020 _z9781118418123 (e-book)
040 _aCaPaEBR
_cCaPaEBR
035 _a(OCoLC)841584921
050 1 4 _aTJ810
_b.D84 2013eb
082 0 4 _a621.47
_223
100 1 _aDuffie, John A.
245 1 0 _aSolar engineering of thermal processes
_h[electronic resource] /
_cJohn A. Duffie, William A. Beckman.
250 _a4th ed.
260 _aHoboken, N.J. :
_bWiley,
_c2013.
300 _axxvi, 910 p. :
_bill.
504 _aIncludes bibliographical references and index.
505 0 _apt. 1. Fundamentals -- pt. 2. Applications -- pt. 3. Design methods.
533 _aElectronic reproduction.
_bPalo Alto, Calif. :
_cebrary,
_d2013.
_nAvailable via World Wide Web.
_nAccess may be limited to ebrary affiliated libraries.
650 0 _aSolar energy.
650 0 _aHeat
_xTransmission.
655 7 _aElectronic books.
_2local
700 1 _aBeckman, William A.
710 2 _aebrary, Inc.
856 4 0 _uhttp://site.ebrary.com/lib/rucke/Doc?id=10683270
_zAn electronic book accessible through the World Wide Web; click to view
999 _c13958
_d13958